Pratiche positive /

Gespeichert in:
Bibliographische Detailangaben
Format: Buch
Sprache:Italienisch
Veröffentlicht: Bologna : Arcigay, 2011
Tags: Tag hinzufügen
Keine Tags, Fügen Sie das erste Tag hinzu!

MARC

LEADER 00000nam a22000007i 4500
001 IT\ICCU\CAM\0250125
003 ItRI
005 20240918124758.0
008 211203s2011 it |||||| ||||| |||||c
040 |b ita  |c GP 
041 7 |a ita  |2 ISO-639-2 
245 0 0 |a Pratiche positive /  |c Interventi di contrasto alla discriminazione e all'esclusione in ambito sociosanitario dei pazienti LGBT con infezione da HIV Sintesi per gli operatori volontari. 
260 |a Bologna :  |b Arcigay,  |c 2011 
942 |2 ddc  |c BK 
952 |0 0  |1 0  |2 ddc  |4 0  |6 306_766000000000000_ARC  |7 1  |9 629  |a RM  |b RM  |d 2024-02-06  |l 0  |o 306.766 Arc  |p 131  |r 2024-02-06 18:04:51  |w 2024-02-06  |y BK 
952 |0 0  |1 0  |2 ddc  |4 0  |6 306_766000000000000_ARC  |7 1  |9 1254  |a RM  |b RM  |d 2024-04-10  |l 0  |o 306 766 ARC  |p 838  |r 2024-04-10 20:43:49  |w 2024-04-10  |y BK 
952 |0 0  |1 0  |2 ddc  |4 0  |6 306_766000000000000_ARC_PRA  |7 1  |9 1995  |a RA  |b RA  |d 2024-09-18  |l 0  |o 306.766 ARC PRA  |p 9593  |r 2024-09-18 11:46:28  |w 2024-09-18  |y BK 
952 |0 0  |1 0  |2 ddc  |4 0  |6 306_766000000000000_ARC_PRA  |7 1  |9 1996  |a RA  |b RA  |d 2024-09-18  |l 0  |o 306.766 ARC PRA  |p 9594  |r 2024-09-18 11:49:35  |w 2024-09-18  |y BK 
952 |0 0  |1 0  |2 ddc  |4 0  |6 306_766000000000000_ARC_PRA  |7 1  |9 1997  |a RA  |b RA  |d 2024-09-18  |l 0  |o 306.766 ARC PRA  |p 9595  |r 2024-09-18 11:58:34  |w 2024-09-18  |y BK 
952 |0 0  |1 0  |2 ddc  |4 0  |6 306_766000000000000_ARC_PRA  |7 1  |9 1998  |a RA  |b RA  |d 2024-09-18  |l 0  |o 306.766 ARC PRA  |p 9596  |r 2024-09-18 12:29:19  |w 2024-09-18  |y BK 
952 |0 0  |1 0  |2 ddc  |4 0  |6 306_766000000000000_ARC_PRA  |7 1  |9 1999  |a RA  |b RA  |d 2024-09-23  |l 0  |o 306.766 ARC PRA  |p 9597  |r 2024-09-23 12:08:01  |w 2024-09-23  |y BK 
952 |0 0  |1 0  |2 ddc  |4 0  |6 306_766000000000000_ARC_PRA  |7 1  |9 2000  |a RA  |b RA  |d 2024-09-23  |l 0  |o 306.766 ARC PRA  |p 9598  |r 2024-09-23 12:09:37  |w 2024-09-23  |y BK 
952 |0 0  |1 0  |2 ddc  |4 0  |6 306_766000000000000_ARC_PRA  |7 1  |9 2001  |a RA  |b RA  |d 2024-09-23  |l 0  |o 306.766 ARC PRA  |p 9599  |r 2024-09-23 12:10:28  |w 2024-09-23  |y BK 
952 |0 0  |1 0  |2 ddc  |4 0  |6 306_766000000000000_ARC_PRA  |7 1  |9 2002  |a RA  |b RA  |d 2024-09-23  |l 0  |o 306.766 ARC PRA  |p 9600  |r 2024-09-23 12:11:25  |w 2024-09-23  |y BK 
952 |0 0  |1 0  |2 ddc  |4 0  |6 306_766000000000000_ARC_PRA  |7 1  |9 2003  |a RA  |b RA  |d 2024-09-23  |l 0  |o 306.766 ARC PRA  |p 9601  |r 2024-09-23 12:12:19  |w 2024-09-23  |y BK 
952 |0 0  |1 0  |2 ddc  |4 0  |6 306_766000000000000_ARC_PRA  |7 1  |9 2004  |a RA  |b RA  |d 2024-09-23  |l 0  |o 306.766 ARC PRA  |p 9602  |r 2024-09-23 12:13:32  |w 2024-09-23  |y BK 
952 |0 0  |1 0  |2 ddc  |4 0  |6 306_766000000000000_ARC_PRA  |7 1  |9 2005  |a RA  |b RA  |d 2024-09-23  |l 0  |o 306.766 ARC PRA  |p 9603  |r 2024-09-23 12:14:24  |w 2024-09-23  |y BK 
952 |0 0  |1 0  |2 ddc  |4 0  |6 306_766000000000000_ARC_PRA  |7 1  |9 2006  |a RA  |b RA  |d 2024-09-23  |l 0  |o 306.766 ARC PRA  |p 9604  |r 2024-09-23 12:15:08  |w 2024-09-23  |y BK 
952 |0 0  |1 0  |2 ddc  |4 0  |6 306_766000000000000_ARC_PRA  |7 1  |9 2007  |a RA  |b RA  |d 2024-09-23  |l 0  |o 306.766 ARC PRA  |p 9605  |r 2024-09-23 12:16:50  |w 2024-09-23  |y BK 
952 |0 0  |1 0  |2 ddc  |4 0  |6 306_766000000000000_ARC_PRA  |7 1  |9 2008  |a RA  |b RA  |d 2024-09-23  |l 0  |o 306.766 ARC PRA  |p 9606  |r 2024-09-23 12:17:34  |w 2024-09-23  |y BK 
952 |0 0  |1 0  |2 ddc  |4 0  |6 306_766000000000000_ARC_PRA  |7 1  |9 2009  |a RA  |b RA  |d 2024-09-23  |l 0  |o 306.766 ARC PRA  |p 9607  |r 2024-09-23 12:18:11  |w 2024-09-23  |y BK 
952 |0 0  |1 0  |2 ddc  |4 0  |6 306_766000000000000_ARC_PRA  |7 1  |9 2010  |a RA  |b RA  |d 2024-09-23  |l 0  |o 306.766 ARC PRA  |p 9608  |r 2024-09-23 12:19:17  |w 2024-09-23  |y BK 
952 |0 0  |1 0  |2 ddc  |4 0  |6 306_766000000000000_ARC_PRA  |7 1  |9 2011  |a RA  |b RA  |d 2024-09-23  |l 0  |o 306.766 ARC PRA  |p 9609  |r 2024-09-23 12:20:11  |w 2024-09-23  |y BK 
952 |0 0  |1 0  |2 ddc  |4 0  |6 306_766000000000000_ARC_PRA  |7 1  |9 2012  |a RA  |b RA  |d 2024-09-23  |l 0  |o 306.766 ARC PRA  |p 9610  |r 2024-09-23 12:20:56  |w 2024-09-23  |y BK 
952 |0 0  |1 0  |2 ddc  |4 0  |6 306_766000000000000_ARC_PRA  |7 1  |9 2013  |a RA  |b RA  |d 2024-09-23  |l 0  |o 306.766 ARC PRA  |p 9611  |r 2024-09-23 12:21:45  |w 2024-09-23  |y BK 
952 |0 0  |1 0  |2 ddc  |4 0  |6 306_766000000000000_ARC_PRA  |7 1  |9 2014  |a RA  |b RA  |d 2024-09-23  |l 0  |o 306.766 ARC PRA  |p 9612  |r 2024-09-23 12:26:42  |w 2024-09-23  |y BK 
952 |0 0  |1 0  |2 ddc  |4 0  |6 306_766000000000000_ARC_PRA  |7 1  |9 2015  |a RA  |b RA  |d 2024-09-23  |l 0  |o 306.766 ARC PRA  |p 9613  |r 2024-09-23 12:27:18  |w 2024-09-23  |y BK 
952 |0 0  |1 0  |2 ddc  |4 0  |6 306_766000000000000_ARC_PRA  |7 1  |9 2016  |a RA  |b RA  |d 2024-09-23  |l 0  |o 306.766 ARC PRA  |p 9614  |r 2024-09-23 12:27:59  |w 2024-09-23  |y BK 
952 |0 0  |1 0  |2 ddc  |4 0  |6 306_766000000000000_ARC_PRA  |7 1  |9 2017  |a RA  |b RA  |d 2024-09-23  |l 0  |o 306.766 ARC PRA  |p 9615  |r 2024-09-23 12:28:41  |w 2024-09-23  |y BK 
952 |0 0  |1 0  |2 ddc  |4 0  |6 306_766000000000000_ARC_PRA  |7 1  |9 2018  |a RA  |b RA  |d 2024-09-23  |l 0  |o 306.766 ARC PRA  |p 9616  |r 2024-09-23 12:29:25  |w 2024-09-23  |y BK 
952 |0 0  |1 0  |2 ddc  |4 0  |6 306_766000000000000_ARC_PRA  |7 1  |9 2019  |a RA  |b RA  |d 2024-09-23  |l 0  |o 306.766 ARC PRA  |p 9617  |r 2024-09-23 12:30:10  |w 2024-09-23  |y BK 
952 |0 0  |1 0  |2 ddc  |4 0  |6 306_766000000000000_ARC_PRA  |7 1  |9 2020  |a RA  |b RA  |d 2024-09-23  |l 0  |o 306.766 ARC PRA  |p 9618  |r 2024-09-23 12:31:13  |w 2024-09-23  |y BK 
952 |0 0  |1 0  |2 ddc  |4 0  |6 306_766000000000000_ARC_PRA  |7 1  |9 2021  |a RA  |b RA  |d 2024-09-23  |l 0  |o 306.766 ARC PRA  |p 9619  |r 2024-09-23 12:31:52  |w 2024-09-23  |y BK 
952 |0 0  |1 0  |2 ddc  |4 0  |6 306_766000000000000_ARC_PRA  |7 1  |9 2022  |a RA  |b RA  |d 2024-09-23  |l 0  |o 306.766 ARC PRA  |p 9620  |r 2024-09-23 12:32:45  |w 2024-09-23  |y BK 
952 |0 0  |1 0  |2 ddc  |4 0  |6 306_766000000000000_ARC_PRA  |7 1  |9 2023  |a RA  |b RA  |d 2024-09-23  |l 0  |o 306.766 ARC PRA  |p 9621  |r 2024-09-23 12:33:27  |w 2024-09-23  |y BK 
952 |0 0  |1 0  |2 ddc  |4 0  |6 306_766000000000000_ARC_PRA  |7 1  |9 2024  |a RA  |b RA  |d 2024-09-23  |l 0  |o 306.766 ARC PRA  |p 9622  |r 2024-09-23 12:34:19  |w 2024-09-23  |y BK 
952 |0 0  |1 0  |2 ddc  |4 0  |6 306_766000000000000_ARC_PRA  |7 1  |9 2025  |a RA  |b RA  |d 2024-09-23  |l 0  |o 306.766 ARC PRA  |p 9623  |r 2024-09-23 12:35:02  |w 2024-09-23  |y BK 
952 |0 0  |1 0  |2 ddc  |4 0  |6 306_766000000000000_ARC_PRA  |7 1  |9 2026  |a RA  |b RA  |d 2024-09-23  |l 0  |o 306.766 ARC PRA  |p 9624  |r 2024-09-23 12:35:41  |w 2024-09-23  |y BK 
952 |0 0  |1 0  |2 ddc  |4 0  |6 306_766000000000000_ARC_PRA  |7 1  |9 2027  |a RA  |b RA  |d 2024-09-23  |l 0  |o 306.766 ARC PRA  |p 9625  |r 2024-09-23 12:36:36  |w 2024-09-23  |y BK 
981 1 |6 z01  |a i   |b xxxe  
982 1 |6 z01  |a n 
999 |c 583  |d 583